Famous people with initials AA, BB, etc - Statistics

General Stats
  • This quiz has been taken 213 times
  • The average score is 21 of 34
Answer Stats
Clue Answer % Correct
American blonde bombshell of the 1950s Marilyn {Monroe}
96%
British comic actor of the silent movie era Charlie {Chaplin}
93%
American singer (What's Love got to do with it?) Tina {Turner}
93%
American actor (Rocky) Sylvester {Stallone}
91%
American movie star and singer of the 1950s/60s Doris {Day}
90%
American director (Jaws, E.T., Jurassic Park) Steven {Spielberg}
89%
40th US president Ronald {Reagan}
88%
Former American rock singer (Me and Bobby McGee) Janis {Joplin}
86%
Spanish surrealist artist and sculptor Pablo {Picasso}
86%
Black Sabbath lead singer and reality TV star Ozzy {Osbourne}
85%
French actress and pin-up of the 1960s Brigitte {Bardot}
83%
Occupant of the Playboy Mansion Hugh {Hefner}
78%
Canadian-born comedian who played Austin Powers Mike {Myers}
77%
American actress (Thelma & Louise) Susan {Sarandon}
77%
M·A·S·H actor Alan {Alda}
73%
Reclusive American billionaire (tycoon and aviator) Howard {Hughes}
70%
American actress (Mad About You) Helen {Hunt}
69%
Irish author of Ulysses and Finnegans Wake James {Joyce}
65%
English singer (X Factor winner 2006) Leona {Lewis}
63%
19th-century American poet Walt {Whitman}
63%
Veteran US country singer Loretta {Lynn}
59%
American actor (A Fish called Wanda) Kevin {Kline}
58%
Former movie star dubbed “King of the Cowboys” Roy {Rogers}
57%
British author (Brighton Rock, The Third Man, etc) Graham {Greene}
48%
Australian-born feminist who wrote The Female Eunuch Germaine {Greer}
46%
18th/19th-century British poet (Daffodils) William {Wordsworth}
44%
British thriller writer (The Day of the Jackal) Frederick {Forsyth}
41%
British classical composer (Enigma Variations) Edward {Elgar}
37%
Veteran Italian actress (Fellini’s 8½, The Pink Panther) Claudia {Cardinale}
32%
Neo-Dada US artist (flags, maps, targets) Jasper {Johns}
29%
Bafta-winning British comedian and TV presenter Michael {McIntyre}
26%
English author of the trilogy His Dark Materials Philip {Pullman}
25%
Hollywood gossip columnist (portrayed by Helen Mirren) Hedda {Hopper}
21%
Neo-Dada US artist, contemporary of the one above Robert {Rauschenberg}
4%
No matching quizzes found
Score Distribution
Percent of People with Each Score
Percentile by Number Answered
Your Score History
You have not taken this quiz